000 00744nam a2200193Ia 4500
003 GCL
008 140319s9999 xx 000 0 ara d
040 _aGCL /
_cGCL
082 0 4 _a135.3
_bإ ت
100 1 _aابن سيرين : ابو بكر محمد بن سيرين البصرى الانصارى
245 1 0 _aتفسير احلام التشاؤم /
_cابن سيرين : ابو بكر محمد بن سيرين البصرى الانصارى
700 1 _aعبدالحفيظ بيضون
260 _aبيروت :
_bدار الكتب العلمية للنشر والتوزيع ،
_c1990
300 _a375 ص ؛
_c24 سم
650 0 4 _aالاحلام
650 0 4 _aتفاسير
650 0 4 _aالاحلام - تفسير
942 _2ddc
_cBK
999 _c59000
_d59000